| 000 | 01340nam a2200229Ia 4500 | ||
|---|---|---|---|
| 003 | Ost | ||
| 005 | 20260507075351.0 | ||
| 008 | 260507s9999||||xx |||||||||||||| ||und|| | ||
| 020 | _a60803799779 | ||
| 040 | _cfsecg | ||
| 041 | _aara | ||
| 082 | _a330 | ||
| 100 |
_aغانم، محمد _eمؤلف |
||
| 245 | 0 |
_aالإستثمار في الإقتصاد السياسي والإسلامي وتشريعات واتفاقيات الإستثمار / _c محمد غانم |
|
| 260 |
_aالإسكندرية: _bدار الفكر الجامعي, _c2011 |
||
| 300 |
_a298 صفحة؛ _bإيضاحات ؛ _c24 سم |
||
| 520 | _aمفهوم الإستثمار والمستثمر في علم الإقتصاد والقانون- مفهوم الإستثمار والمستثمر في قوانين الإستثمار المصرية وقوانين الإستثمار في الدول العربية والإتفاقيات الإقليمية- مفهوم الإستثمارات والمستثمر في الإتفاقيات الدولية(الجماعية- الإقليمية- الثنائية) - ماهية الإستثمار في النظام الإقتصادي الأسلامي ومدى مشروعيته | ||
| 653 | _aالإستثمار | ||
| 653 | _aالإقتصاد الاسلامي | ||
| 653 | _aالإقتصاد السياسي | ||
| 942 | _cكتاب | ||
| 999 |
_c44139 _d44139 |
||